Estadísticas para Imágenes de Satélite

Haz click aquí para intentar la prueba.

Estadísticas generales

  • Esta prueba ha sido intentada 3.405 veces
  • La puntuación promedio es 13 de 17

Estadísticas de respuestas

Respuesta% Correcto
Italia
99%
México
99%
Australia
96%
Islandia
95%
Cuba
92%
Madagascar
90%
Chipre
87%
Filipinas
86%
Mar Negro
83%
Dinamarca
82%
Mar Caribe
81%
Mar Rojo
74%
Michigan
67%
Baja California
62%
Washington
62%
Himalaya
59%
San Francisco
28%

Distribución de puntuación

Porcentaje por número respondido

Porcentaje de gente con cada puntuación

Historial de tus puntuaciones

No has intentado esta prueba.